Latin Words #2 - Statistics

General Stats
  • This quiz has been taken 105,574 times
  • The average score is 15 of 24
Answer Stats
Latin English % Correct
Aqua Water
100%
Terra Earth
94%
Canis Dog
84%
Vita Life
80%
Primus First
78%
Piscis Fish
77%
Oculus Eye
75%
Pater Father
72%
Magnus Great
68%
Somnus Sleep
68%
Equus Horse
65%
Centum Hundred
64%
Ante Before
63%
Crux Cross
63%
Vox Voice
62%
Septem Seven
56%
Sal Salt
54%
Dulcis Sweet
54%
Urbs City
47%
Aurum Gold
46%
Pectus Chest
41%
Opus Work
37%
Hibernum Winter
36%
Dexter Right
29%
No matching quizzes found
Score Distribution
Percent of People with Each Score
Percentile by Number Answered
Your Score History
You have not taken this quiz